000 01006nam0a22002651 4500
001 rc\2556612
005 20110914162044.3
035 _a(NLR Aleph) 006721554
090 _a5448803
_c5448803
100 _a20110914d1927 |||y0rusy50 ca
101 0 _arus
102 _aRU
105 _ay z |||||
200 1 _aК вопросу о серебряной пробе на сахара
_fЗав. Кафедрой биологич. химии Б. В. И. К. И. Епифанов
210 _a[Витебск]
_cтип. Витебск. Церабкоопан. "Ленина"
_d1927
215 _a3-10 с.
_d24 см.
300 _aБез тит. л. описано по обл.
300 _aОтд. отт. из журн. "Белорусская ветеринария" № 5
700 1 _aЕпифанов
_bК. И.
_f1880-
_gКонстантин Иосифович
801 0 _aRU
_bNLR
_gpsbo
801 1 _aRU
_bELAR
_2rusmarc
852 _aNLR
_j86/589
852 _aNLR
_j93/1723
942 _cBOOK
980 _aNB